000 00668nam a2200277Ia 4500
005 20260324151035.0
008 008 260324s9999 xx 000 0 eng d
020 _a9780429459924
037 _aEBOOK
040 _aCRL
040 _beng
040 _cCRL
041 _2eng
041 _aeng
084 _qCRL
100 _aWilliam Henry Hulme
_91228514
245 4 _aThe Middle English Harrowing of Hell and Gospel of Nicodemus
260 _bTaylor and Francis
260 _c1907
365 _a
365 _b180
856 _uhttp://www.taylorfrancis.com/books/9780429459924
942 _cEBOOK
999 _c1838969
_d1838969